000 00618nam a22001937a 4500
008 141024b xxu||||| |||| 00| 0 eng d
020 _a0821360493
041 0 _aeng
080 _a355.425
_x(4+5)
100 _aCollier, Paul
245 _aUnderstanding Civil War - Europe, Central Asia, and Other Regions /
260 _aWashington :
_bWorld Bank Publications ;
_c2005.
300 _a349 f.:
_bme il. ;
_c23 cm.
440 _vVolume 2: Europe, Central Asia, and Other Regions
500 _aPreface: f. XIII-XV
505 _aIndex: f. 335-349
650 0 _2Lufta
_zAfrika
942 _2udc
_cBK
999 _c532
_d532